Current medical diagnosis and treatment. (Record no. 5517)

000 -LEADER
fixed length control field 00747cas a220025301 4500
003 - CONTROL NUMBER IDENTIFIER
control field OSt
005 - DATE AND TIME OF LATEST TRANSACTION
control field 20220420064727.0
008 - FIXED-LENGTH DATA ELEMENTS--GENERAL INFORMATION
fixed length control field 000000uuuuuuuuuxxuuuus 0 u1engur
020 ## - INTERNATIONAL STANDARD BOOK NUMBER
International Standard Book Number 0870412523
040 ## - CATALOGING SOURCE
Transcribing agency ALUPE UNIVERSITY
050 ## - LIBRARY OF CONGRESS CALL NUMBER
Classification number RC71
Item number .C43 1982
090 ## - LOCALLY ASSIGNED LC-TYPE CALL NUMBER (OCLC); LOCAL CALL NUMBER (RLIN)
Classification number (OCLC) (R) ; Classification number, CALL (RLIN) (NR) RC71 .C97
245 00 - TITLE STATEMENT
Title Current medical diagnosis and treatment.
260 ## - PUBLICATION, DISTRIBUTION, ETC.
Place of publication, distribution, etc. California.
Name of publisher, distributor, etc. Lange Medical Publications
Date of publication, distribution, etc. c1982.
300 ## - PHYSICAL DESCRIPTION
Extent v. ill. 26 cm. annual.
Dimensions 26cm
500 ## - GENERAL NOTE
General note Includes index
650 #0 - SUBJECT ADDED ENTRY--TOPICAL TERM
Topical term or geographic name entry element Diagnosis
Form subdivision Periodicals.
650 #0 - SUBJECT ADDED ENTRY--TOPICAL TERM
Topical term or geographic name entry element Therapeutics
Form subdivision Periodicals.
780 00 - PRECEDING ENTRY
Title Current diagnosis & treatment.
907 ## - LOCAL DATA ELEMENT G, LDG (RLIN)
a .b11254774
930 ## - EQUIVALENCE OR CROSS-REFERENCE-UNIFORM TITLE HEADING [LOCAL, CANADA]
Language of a work HEALTH SCIENCES-1ST FLOOR
Date of treaty signing RC71 .C97
Miscellaneous information Currently received
942 ## - ADDED ENTRY ELEMENTS (KOHA)
Source of classification or shelving scheme
Koha item type Book
Holdings
Withdrawn status Lost status Source of classification or shelving scheme Damaged status Not for loan Permanent Location Current Location Shelving location Date acquired Source of acquisition Total Checkouts Full call number Barcode Date last seen Price effective from Koha item type Public note
          AU LIBRARY AU LIBRARY Open Shelf 20.04.2022 DONATION FROM MOI UNIVERSITY   RC71 .C43 1982 28007973 20.04.2022 20.04.2022 Book MM

Powered by Koha